000 00722nam a2200205Ii 4500
003 JO-AjNU
008 230605s9999||||xx |||||||||||||| ||und||
040 _aJO-AjNU
_bara
_erda
_cJO-AjNU
041 _aara
050 1 4 _aPJ6171 1986
100 3 _aتاليف السمان،محمود علي,
_eauthor
_910530
245 0 0 _aالعروض القديم: أوزان الشعر العربي وقوافية
250 _aط2
264 3 1 _aالقاهرة: دار المعارف، 1986
300 _a335ص
336 _atext
_btxt
_2rdacontent
337 _aunmediated
_bn
_2rdamedia
338 _avolume
_bnc
_2rdacarrier
650 4 _aالعروض القديم-اوزان الشعر العربي وقوافية-الشعر
_910531
999 _aA1852
_c5420
_d5420